La familia horrible / (Registro nro. 13265)

Detalles MARC
000 -LIDER
fixed length control field 00981nam a22003017a 4500
003 - IDENTIFICACDOR DE NÚMERO DE CONTROL
control field DO-SdBNP
005 - DATE AND TIME OF LATEST TRANSACTION
control field 20180205111605.0
008 - ELEMENTOS DE LONGITUD FIJA
fixed length control field 180205b 2000 sp a || 00| 0 spa d
017 ## - NÚMERO DE REGISTRO DE DERECHOS DE AUTOR
Copyright or legal deposit number
Assigning agency
020 ## - ISBN
International Standard Book Number 8422681625
035 ## - NÚMERO LOCAL
System control number
040 ## - FUENTE DE CATALOGACIÓN
Agencia que crea de manera original el registro BPMSU
Idioma de catalogación spa
Agencia que realiza la transcripción BPMSU
Convenciones de la despripción
082 #4 - NÚMERO DE CLASIFICACIÓN DECIMAL DE DEWEY
Classification number 833.92
Item number B848u
100 1# - ASIENTO PRINCIPAL -- NOMBRE PERSONAL
Nombre personal Brezina, Thomas
Fechas asociadas con el nombre 1963-
240 10 - TITULO UNIFORME
Título uniforme Alle meine monster familie fürchterlich
Idioma de una obra español
245 10 - MENCIÓN DE TITULO
Título La familia horrible /
Mención de responsabilidad Thomas Brezina ; ilustraciones Bernhard Förth ; traducción José Antonio Santiago-Tagle
Medio (Designación general de material)
260 ## - PUBLICACIÓN, DISTRIBUCIÓN, ETC. (PIE DE IMPRENTA)
Lugar de publicación, distribución, etc Barcelona :
Nombre del editor, distribuidor, etc. Círculo de Lectores,
Fecha de publicación, distribución, etc 2000
300 ## - DESCRIPCIÓN FÍSICA
Extensión 125 p.:
Otros detalles físicos il.;
Dimensiones 20 cm
490 0# - MENCIÓN DE SERIES
Mención de serie Todos mis monstruos
650 #4 - ENCABEZAMIENTO DE MATERIA--TEMÁTICO
Término temático o nombre geográfico como elemento de entrada CUENTOS INFANTILES ALEMANES
650 #4 - ENCABEZAMIENTO DE MATERIA--TEMÁTICO
Término temático o nombre geográfico como elemento de entrada LITERATURA INFANTIL ALEMANA
700 1# - ASIENTO SECUNDARIO -- NOMBRE PERSONAL
Nombre personal Förth, Bernhard
Mención de responsabilidad il.
700 1# - ASIENTO SECUNDARIO -- NOMBRE PERSONAL
Nombre personal Santiago-Tagle,José Antonio
Mención de responsabilidad tr.
830 ## - ASIENTO SECUNDARIO DE SERIE--TÍTULO UNIFORME
Título uniforme Todos mis monstruos
942 ## - ADDED ENTRY ELEMENTS (KOHA)
Source of classification or shelving scheme Dewey Decimal Classification
Koha item type Libros
945 ## - INFORMACIÓN DE PROCESAMIENTO LOCAL
Información de procesamiento local Inventariado, 2018/ YL
956 ## - LOCAL ELECTRONIC LOCATION AND ACCESS (OCLC)
Nombre de host YLOCKWARD
Número de acceso 10
Información de compresión BPMSU
Existencias
Withdrawn status Lost status Source of classification or shelving scheme Damaged status Not for loan Collection code Home library Current library Date acquired Source of acquisition Total Checkouts Full call number Barcode Date last seen Price effective from Koha item type
    Dewey Decimal Classification     Colección Juvenil General Biblioteca Pública Metropolitana Salomé Ureña Biblioteca Pública Metropolitana Salomé Ureña 02/05/2018 Donado por Fundi   833.92 B848u BPMSU18020059 02/05/2018 02/05/2018 Libros